000 00825cam a2200289 4500
999 _c7384
_d7384
001 7384
003 BD-JhCC
005 20180418173113.0
008 691121s1969 enk b 000 0 eng
035 _a(BD-JhCC)7384
040 _aDLC
_cDLC
_dDLC
_dBD-JhCC
041 _aeng
050 0 0 _aD1060
_b.P498
082 0 0 _a321/.02/094
_bPIN 1969
100 1 _aPinder, John.
245 1 0 _aEurope after De Gaulle:
_btowards the United States of Europe /
_c[by] John Pinder and Roy Pryce.
260 _aHarmondsworth,
_bPenguin,
_c1969.
300 _a191 p.
_c18 cm.
350 _a6/-
490 0 _aPenguin special
504 _aBibliographical footnotes.
650 0 _aEuropean federation.
651 0 _aEurope
_xPolitics and government
_y1945-
700 1 _aPryce, Roy,
942 _2ddc
_cBK